|
|
|
|
| LEADER |
00000nam0a2200000 4500 |
| 001 |
118419 |
| 005 |
20231031124123.0 |
| 035 |
|
|
|a (RuTPU)RU\TPU\book\128141
|
| 090 |
|
|
|a 118419
|
| 100 |
|
|
|a 20070611d1964 km y0rusy50 ca
|
| 101 |
0 |
|
|a rus
|
| 102 |
|
|
|a RU
|
| 105 |
|
|
|a a z 001zy
|
| 200 |
1 |
|
|a Основы анализа физико-химических свойств минералообразующих растворов по включениям в минераллах
|f В. Ф. Лесняк
|
| 210 |
|
|
|a Львов
|c Изд-во Львовского у-та
|d 1964
|
| 215 |
|
|
|a 219 с.
|c ил.
|
| 320 |
|
|
|a Библиогр.: с. 210-217.
|
| 610 |
1 |
|
|a минералообразование
|
| 610 |
1 |
|
|a минералотермометрия
|
| 610 |
1 |
|
|a растворы
|
| 610 |
1 |
|
|a физико-химические условия
|
| 610 |
1 |
|
|a накопление
|
| 610 |
1 |
|
|a природные вещества
|
| 610 |
1 |
|
|a минералы
|
| 610 |
1 |
|
|a физико-химический анализ
|
| 610 |
1 |
|
|a включения
|
| 675 |
|
|
|a 553.21/.24
|v 3
|
| 700 |
|
1 |
|a Лесняк
|b В. Ф.
|g Василий Федорович
|
| 801 |
|
1 |
|a RU
|b 63413507
|c 20070611
|g PSBO
|
| 801 |
|
2 |
|a RU
|b 63413507
|c 20141117
|g PSBO
|
| 942 |
|
|
|c BK
|